00311nam a22000977a 4500008004100000041000800041080000800049100000700057101000800064245014100072180314b xxu||||| |||| 00| 0 eng d aeng a621 a26 amec apreliminary deisgn for using solar energy in the drying process at the gold kists soy facility decatur alabamacbrown.t